Technical and business writing

Сохранить в:
Библиографические подробности
Главный автор: Andrews, Clarence A.
Формат:
Опубликовано: Boston : Houghton Mifflin, c1975.
Предметы:
Метки: Добавить метку
Нет меток, Требуется 1-ая метка записи!

MARC

LEADER 00000nam a2200000 i 4500
020 |a 039518603X 
040 |a MUL  |b eng  |e AACR 
082 0 0 |a 651.75 AND 
100 1 |a Andrews, Clarence A. 
245 1 0 |a Technical and business writing   |c Clarence A. Andrews. 
260 |a Boston :  |b Houghton Mifflin,  |c c1975. 
300 |a ix, 243 p. :  |b ill. ;  |c 24 cm. 
504 |a Includes bibliographical references and index. 
650 0 |a Technical writing.  |z Boston 
650 0 |a Formal reports 
650 0 |a Business writing. 
942 |c BK 
999 |c 2982  |d 2982